000
00242nam a2200097Ia 4500
005
20251222154418.0
008
251222s9999||||xx |||||||||||||| ||spa||
082
_a
REF.985.008/C76/T.XI/V.I
245
0
_a
Misiones peruanas 1820-1826
942
_c
LIB
999
_c
35931
_d
35931